000 00721nam a2200205 a 4500
001 000031159
005 20200930062736.0
008 110614s2008 dr c 000 | spa d
040 _aDO-SdBNP
_bspa
_cBNPHU
082 _axxx
_bI598f
245 0 0 _aInstructivo para la formación de Comités Ambientales /
_cVinicio Beltré ... [et. al.].
260 _aSanto Domingo :
_bAmigo del Hogar,
_c2008.
300 _a20 p. :
_bretrs. ;
_c23 cm.
700 1 _aBeltré, Vinicio
_957632
700 1 _aGarcía D., Adriano E.
_957633
700 1 _aSuero, Joaquín
_957634
700 1 _aGenao Díaz, Lesbia María
_936657
710 1 _aSecretaría de Estado de Educación.
_bDepartamento de Educación Ambiental
_957635
049 _aBNPD
999 _c30651
_d30651